000 00421cam a22001575a 4500
005 20250901165817.0
008 070124s2006 ke a 000 0 swa
010 _a 2006317403
020 _a9966983678
050 0 0 _aPL 8704 .M88 2006
100 1 _aMuthee, Joseph,
_d1928-
245 1 0 _aKizuizini /
_cna Joseph Muthee.
260 _aNairobi :
_bKwani Trust,
_cc2006.
300 _a264 p. :
_bill. ;
_c20 cm.
942 _2lcc
999 _c9510
_d9510